00735nam a2200181 a 450000100100000000500170001000800410002702000150006804000250008308200150010810000290012324501260015226000610027830000240033971000600036395201130042399900170053600004194620201002035839.0131023s1986 sp 000 0 spa d a8400064151 aDO-SdBNPbspacBNPHU axxxxbxxxx1 aHilton, Sylvia L.96886310aWashington Irving: un Romantico entre Europa y América. :bintroducción y bibliografía general /cSylvia L. Hilton. aMadrid, :bCSICbCentro de Estudios Históricos,c1986. ax, 168 p. ;c21 cm.2 aConsejo Superior de Investigaciones Científicas94786 001050718MOaGRbGRcCTd2013-10-23iLF1l0oxxxx xxxxp41946-10r2020-06-25w2020-06-25y1ZNo se presta c41435d41435